Diccionario de la lengua castellana : con las correspondencias catalana y latina / por Pedro Labernia con las correspondencias catalana y latina / por Pedro Labernia
Descripción Física:
2 v. 971, 1020 p. ; 24 cm
MARC
| LEADER | 00000nam a2200000Ia 4500 | ||
|---|---|---|---|
| 001 | 14590, 14591 | ||
| 008 | 160829s1844 - 1848 xx 000 0 cat d | ||
| 080 | |a L-2-12, L-2-13 | ||
| 100 | |a Labernia, Pere |9 30115 | ||
| 245 | |a Diccionario de la lengua castellana : |b con las correspondencias catalana y latina / por Pedro Labernia | ||
| 260 | |a Barcelona : |b Impr. de J.M. de Grau, |c 1844 - 1848 | ||
| 300 | |a 2 v. 971, 1020 p. ; |c 24 cm | ||
| 590 | |a Conté: v. 1: A-G; v. 2: H-Z. | ||
| 590 | |a Té un gravat a portada | ||
| 650 | 0 | |a Castellà |v Diccionaris |9 11681 | |
| 650 | |a Castellà |x Diccionaris |x Català |9 25989 | ||
| 650 | |a Castellà |x Diccionaris |x Llatí |9 30118 | ||
| 901 | |a Arxiu | ||
| 942 | |n 1 | ||
| 952 | |0 0 |1 0 |4 0 |6 L212_L213 |7 1 |9 45274 |a Arxiu |b Arxiu |d 2016-12-01 |l 0 |o L-2-12, L-2-13 |p 14590, 14591 |r 2016-12-01 00:00:00 |w 2016-12-01 |y ARXIU | ||
| 999 | |c 48348 |d 48348 | ||